|
|
|
|
| LEADER |
00726naa#a2200277#ar4500 |
| 001 |
000111921 |
| 003 |
SVKKK |
| 005 |
20131204100122.0 |
| 008 |
131203s2006 xo #|0||||||||0|||b|hun |
| FMT |
|
|
|
| 015 |
|
|
|a SNBRA2013/12
|
| 038 |
|
|
|a SVKKK
|
| 040 |
|
|
|a SVKKK
|b slo
|e AACR2
|
| 041 |
0 |
|
|a hun
|
| 044 |
|
|
|a xo
|c HU
|
| 080 |
|
|
|a 929 Rácz, Jani
|2 2008
|
| 100 |
1 |
|
|a Markó, Miklós
|4 aut
|
| 245 |
1 |
0 |
|a Rácz, Jani
|c Miklós Markó
|
| 600 |
1 |
4 |
|a Rácz, Jani
|x hudobník
|d 1844-?
|z Lučenec (Slovensko)
|x rodák
|z Bardejov (Slovensko)
|x pôsobenie
|
| 773 |
0 |
|
|t Czigányzenészek albuma
|d Budapest : Fekete Sas, 2006
|g S. 99
|z 9639680036
|
| 958 |
|
|
|a RQ
|
| 992 |
|
|
|a RZB
|
| BAS |
|
|
|
| 852 |
|
|
|a SVKKK
|b BIB
|
| EXP |
|
|
|
| 998 |
|
|
|a ROM
|